Discurso constructivista sobre las tecnologías: un mirada epistemológica

Guardat en:
Dades bibliogràfiques
Autor principal: Gallego Badillo, Rómulo (Autor)
Format: Llibre
Idioma:espanyol
Publicat: Bogotá Magisterio 1998
Edició:1a. ed
Col·lecció:Colección Mesa Redonda, 62
Matèries:
Etiquetes: Afegir etiqueta
Sense etiquetes, Sigues el primer a etiquetar aquest registre!

MARC

LEADER 00000nam a2200000 a 4500
001 UCI1087
003 CL-VaPUC
008 070615e19980000CK |||||||||||||||||spa|d
020 |a 9582002980 
082 0 4 |a 149  |b GAL  |2 21 
100 |a Gallego Badillo, Rómulo  |e author  |9 533865 
245 1 0 |a Discurso constructivista sobre las tecnologías: un mirada epistemológica 
250 |a 1a. ed 
300 |a 304 p 
942 |c BK 
945 |d 20070615 00:00:00  |a jtorresc 
260 |a Bogotá  |b Magisterio  |c 1998 
650 0 |a Constructivismo  |9 268156 
650 0 |a Tecnología  |9 256742 
650 0 |a Epistemología   |9 264994 
583 |a last modification  |c 20070615 00:00:00  |k Rodrigo Vera 
490 0 |a Colección Mesa Redonda, 62 
999 |c 326000  |d 325998 
952 |0 0  |1 0  |4 0  |6 149_000000000000000_GAL_1998  |7 0  |8 A  |9 407592  |a BIBEDU  |b BIBEDU  |d 2019-11-22  |i 4346807  |o 149 GAL 1998  |p 4346807  |r 2019-11-22  |w 2019-11-22  |y BK  |k EBA